| 000 | 01454nam a22003017a 4500 | ||
|---|---|---|---|
| 999 |
_c904 _d904 |
||
| 003 | AR-CdUCM | ||
| 008 | 190225b ||||| |||| 00| 0 spa d | ||
| 020 | _a789972623615 | ||
| 040 |
_aMUNICIPALIDAD PROVINCIAL DEL CUSCO _cBIBLIOTECA MUNICIPAL DEL CUSCO |
||
| 082 |
_a985.71 / _bB24 |
||
| 100 |
_aBarclay Rey de Castro, Frederica _93471 |
||
| 245 |
_aEl estado federal de Loreto, 1896 : _bcentralismo, descentralización y federalismo en el Perú, a fines del siglo XIX / |
||
| 260 |
_aLima : _bIFEA, _bCBC, _c2009. |
||
| 300 |
_a439 páginas ; _c24 cm. |
||
| 440 |
_aArchivos de historia andina ; _n t. 44 _93472 |
||
| 500 | _apertenece a la coleeción Travaux de l'Institut Français d'Études Andines, tomo 266. | ||
| 505 | _aLa implementación del régimen administrativo republicano en Loreto -- Origen del departamento de Loreto -- La economía y la sociedad de Loreto en las primeras décadas de la República -- La proclamación del Estado Federal de Loreto -- Federalismo y cacerismo en el levantamiento de 1896 ... | ||
| 650 |
_aRegionalización _93473 |
||
| 650 |
_aPerú _935 |
||
| 650 |
_aLoreto _93474 |
||
| 650 |
_aCondiciones económicas _91989 |
||
| 650 |
_aPolítica y gobierno _92693 |
||
| 710 |
_aCentro de Estudios Regionales Andinos Bartolomé de Las Casas (Cusco) _93475 |
||
| 710 |
_aInstitut Français d'Études Andines (Lima) _93476 |
||
| 856 | _fwww.cbc.org.pe | ||
| 942 |
_2ddc _cLIBROS |
||
| 945 |
_araen _d2019-02-25 |
||